Instituto de España (Record no. 136322)

MARC details
000 -LEADER
campo de control de longitud fija 01101nam a2200253 i 4500
001 - NÚMERO DE CONTROL
campo de control 136322
003 - IDENTIFICADOR DE NÚMERO DE CONTROL
campo de control ES-MaACL
005 - FECHA Y HORA DE LA ÚLTIMA TRANSACCIÓN
campo de control 20250923160858.0
007 - CAMPO FIJO DE DESCRIPCIÓN FÍSICA--INFORMACIÓN GENERAL
campo de control de longitud fija t|
008 - DATOS DE LONGITUD FIJA--INFORMACIÓN GENERAL
campo de control de longitud fija 070214s1975 sp |||| | spa d
245 00 - MENCIÓN DEL TÍTULO
Título Instituto de España
Resto del título : sesión conmemorativa de su fundación.
260 ## - PUBLICACIÓN, DISTRIBUCIÓN, ETC.
Lugar de publicación, distribución, etc. Madrid :
Nombre del editor, distribuidor, etc. [s. n.],
Fecha de publicación, distribución, etc. 1975.
300 ## - DESCRIPCIÓN FÍSICA
Extensión 39 p. ;
Dimensiones 23 cm.
505 8# - NOTA DE CONTENIDO CON FORMATO
Nota de contenido con formato Contiene: ;
Título Resumen de las actividades de las RR. AA. durante el año 1974 / Antonio Rumeu de Armas ;
-- Bonilla, humanista del siglo XX / por el Sr. D. Angel Gónzalez Álvarez ;
-- Narciso Alonso Cortés, maestro y escritor / Gerardo Diego Cendoya
610 24 - PUNTO DE ACCESO ADICIONAL DE MATERIA--NOMBRE DE ENTIDAD CORPORATIVA
Nombre de entidad corporativa o nombre de jurisdicción como elemento de entrada Instituto de España.
9 (RLIN) 4873
700 1# - ENTRADA AGREGADA--NOMBRE PERSONAL
Nombre de persona Rumeu de Armas, Antonio,
Fechas asociadas al nombre 1912-2006
9 (RLIN) 100991
700 1# - ENTRADA AGREGADA--NOMBRE PERSONAL
Nombre de persona González Álvarez, Ángel,
Fechas asociadas al nombre 1916-1991
9 (RLIN) 58414
700 1# - ENTRADA AGREGADA--NOMBRE PERSONAL
Nombre de persona Diego, Gerardo,
Fechas asociadas al nombre 1896-1987
9 (RLIN) 44545
740 02 - ENTRADA AGREGADA--TÍTULO RELACIONADO/ANALÍTICO NO CONTROLADO
Título relacionado o analítico no controlado Resumen de las actividades de las RR. AA. durante el año 1974.
740 02 - ENTRADA AGREGADA--TÍTULO RELACIONADO/ANALÍTICO NO CONTROLADO
Título relacionado o analítico no controlado Bonilla, humanista del siglo XX.
740 02 - ENTRADA AGREGADA--TÍTULO RELACIONADO/ANALÍTICO NO CONTROLADO
Título relacionado o analítico no controlado Narciso Alonso Cortés, maestro y escritor.
852 ## - LOCALIZACIÓN
Ubicación ES-MaACL
Número de control de estantería 2095-F-16
Holdings
Estatus retirado Estado de pérdida Estado de daño No para préstamo Colección Biblioteca de origen Biblioteca actual Ubicación en estantería Fecha de adquisición Fuente de adquisición Total de préstamos Signatura topográfica completa Código de barras Visto por última vez Precio de reemplazo Tipo de ítem Koha
        Colección de folletos Biblioteca del Ateneo de Madrid Biblioteca del Ateneo de Madrid Depósito folletos 17/01/2008     2095-F-16 1141877 23/02/2023 23/02/2023 Folleto